Лабораторный практикум по курсу Элементы систем автоматики. Ч. 1: учебное пособие
| Κύριος συγγραφέας: | |
|---|---|
| Συγγραφή απο Οργανισμό/Αρχή: | |
| Άλλοι συγγραφείς: | , |
| Περίληψη: | Заглавие с титульного экрана Электронная версия печатной публикации Режим доступа: из корпоративной сети ТПУ |
| Γλώσσα: | Ρωσικά |
| Έκδοση: |
Томск, Изд-во ТПУ, 2012
|
| Θέματα: | |
| Διαθέσιμο Online: | http://www.lib.tpu.ru/fulltext2/m/2013/m064.pdf |
| Μορφή: | Ηλεκτρονική πηγή Βιβλίο |
| KOHA link: | https://koha.lib.tpu.ru/cgi-bin/koha/opac-detail.pl?biblionumber=235464 |
MARC
| LEADER | 00000nam0a2200000 4500 | ||
|---|---|---|---|
| 001 | 235464 | ||
| 005 | 20250603095100.0 | ||
| 035 | |a (RuTPU)RU\TPU\book\256600 | ||
| 090 | |a 235464 | ||
| 100 | |a 20130410d2012 m y0rusy50 ca | ||
| 101 | 0 | |a rus | |
| 102 | |a RU | ||
| 105 | |a a j 001zy | ||
| 135 | |a drcn ---uucaa | ||
| 181 | 0 | |a i | |
| 182 | 0 | |a b | |
| 200 | 1 | |a Лабораторный практикум по курсу Элементы систем автоматики. Ч. 1 |e учебное пособие |f А. И. Сапожников, М. А. Нечаев, К. В. Образцов |g Национальный исследовательский Томский политехнический университет (ТПУ), Энергетический институт (ЭНИН), Кафедра электропривода и электрооборудования (ЭПЭО) | |
| 203 | |a Текст |c электронный | ||
| 210 | |a Томск |c Изд-во ТПУ |d 2012 | ||
| 300 | |a Заглавие с титульного экрана | ||
| 300 | |a Электронная версия печатной публикации | ||
| 333 | |a Режим доступа: из корпоративной сети ТПУ | ||
| 337 | |a Adobe Reader | ||
| 606 | 1 | |a Автоматические системы управления |2 stltpush |3 (RuTPU)RU\TPU\subj\813 |9 29619 | |
| 610 | 1 | |a электронный ресурс | |
| 610 | 1 | |a учебные пособия | |
| 610 | 1 | |a труды учёных ТПУ | |
| 610 | 1 | |a лабораторные работы | |
| 610 | 1 | |a исследования | |
| 610 | 1 | |a потенциометрические датчики | |
| 610 | 1 | |a датчики тока | |
| 610 | 1 | |a датчики напряжения | |
| 610 | 1 | |a датчики вращения | |
| 610 | 1 | |a датчики скорости | |
| 610 | 1 | |a датчики угла | |
| 610 | 1 | |a трансформаторы вращающиеся | |
| 610 | 1 | |a датчики линейных перемещений | |
| 610 | 1 | |a бесконтактные датчики | |
| 610 | 1 | |a датчики температуры | |
| 675 | |a 681.51(076.5) |v 3 | ||
| 700 | 1 | |a Сапожников |b А. И. |c специалист в области электротехники |c доцент Томского политехнического университета, кандидат технических наук |f 1937- |g Алексей Иванович |9 12166 | |
| 701 | 1 | |a Нечаев |b М. А. |c специалист в области электротехники |c старший преподаватель Томского политехнического университета |f 1977- |g Михаил Анатольевич |9 12806 | |
| 701 | 1 | |a Образцов |b К. В. |c специалист в области электротехники |c старший преподаватель Томского политехнического университета |f 1976- |g Константин Валентинович |9 12219 | |
| 712 | 0 | 2 | |a Национальный исследовательский Томский политехнический университет |c (2009- ) |9 26305 |
| 801 | 1 | |a RU |b 63413507 |c 20130410 | |
| 801 | 2 | |a RU |b 63413507 |c 20140624 |g RCR | |
| 850 | |a 63413507 | ||
| 856 | 4 | |u http://www.lib.tpu.ru/fulltext2/m/2013/m064.pdf | |
| 942 | |c CF | ||